Sử ký Tư Mã Thiên /
Saved in:
| Main Author: | |
|---|---|
| Other Authors: | |
| Format: | Book (Paper) |
| Language: | Vietnamese |
| Published: |
Tp. Hồ Chí Minh :
Văn hoá Sài Gòn,
2005.
|
| Subjects: | |
| Tags: |
Add Tag
No Tags, Be the first to tag this record!
|
| Institutions: | Thư viện Trường Đại học Đà Lạt |
|---|
| LEADER | 00713nam a2200289 4500 | ||
|---|---|---|---|
| 001 | DLU060053581 | ||
| 005 | ##20060530 | ||
| 040 | # | # | |a DLU |b vie |
| 041 | # | # | |a vie |
| 044 | # | # | |a vn |
| 082 | # | # | |a 895.13 |b TU-T |
| 100 | # | # | |a Tư Mã Thiên |
| 245 | # | # | |a Sử ký Tư Mã Thiên / |c Tư Mã Thiên; Phan Ngọc dịch |
| 260 | # | # | |a Tp. Hồ Chí Minh : |b Văn hoá Sài Gòn, |c 2005. |
| 300 | # | # | |a 787 tr. ; |c 21 cm. |
| 650 | # | # | |a Văn học Trung Quốc. |
| 700 | # | # | |a Phan Ngọc |e dịch |
| 923 | # | # | |a 08/2006 |
| 992 | # | # | |a 95.000 |
| 994 | # | # | |a DLU |
| 900 | # | # | |a True |
| 911 | # | # | |a Đào Thị Thu Huyền |
| 925 | # | # | |a G |
| 926 | # | # | |a A |
| 927 | # | # | |a SH |
| 980 | # | # | |a Thư viện Trường Đại học Đà Lạt |